000 00331nam a2200145Ia 4500
008 100122s9999 xx 000 0 und d
082 _b36436
_a823
100 _aEDSON J T
245 _aSLIP GUN
260 _bTRANSWORLD PUBLISHERS LIMITED
_c1905
300 _a175
630 _aSLIP GUN
730 _aSLIP GUN
942 _cBOOK
999 _c371461
_d371458